Overcoming migraines and other headaches : (Record no. 76452)

MARC details
000 -LEADER
fixed length control field 01102nam a22002897a 4500
005 - DATE AND TIME OF LATEST TRANSACTION
control field 20180226142113.0
010 ## - LCCN (DPL NO)
LC control number ENG-107513
020 ## - INTERNATIONAL STANDARD BOOK NUMBER
International Standard Book Number 9788122202281
Terms of availability 240.00
020 ## - INTERNATIONAL STANDARD BOOK NUMBER
International Standard Book Number 8122202281
Terms of availability 240.00
035 ## - SYSTEM CONTROL NUMBER
System control number EN-91046
035 ## - SYSTEM CONTROL NUMBER
System control number B-528567-575
035 ## - SYSTEM CONTROL NUMBER
System control number B-667667(AV)
037 ## - SOURCE OF ACQUISITION
Source of stock number/acquisition DBAD/PUB
037 ## - SOURCE OF ACQUISITION
Source of stock number/acquisition KKP/Ven
Stock number dpl
082 ## - DEWEY DECIMAL CLASSIFICATION NUMBER
Classification number 616.857
100 ## - MAIN ENTRY--PERSONAL NAME
Personal name Kandel, Joseph
245 ## - TITLE STATEMENT
Title Overcoming migraines and other headaches :
Statement of responsibility, etc by Joseph Kandel [and] David Sudderth
Remainder of title a complete and positive guide to medical solutions and alternative therapies /
260 ## - PUBLICATION, DISTRIBUTION, ETC. (IMPRINT)
Place of publication, distribution, etc New Delhi
Name of publisher, distributor, etc Orient Paperbacks
Date of publication, distribution, etc 2008
270 ## - ADDRESS
Address 5A/8 Ansari Road
City New Delhi
Postal code 110002
300 ## - PHYSICAL DESCRIPTION
Extent 215p.
Dimensions 22cm(pbk)
500 ## - GENERAL NOTE
General note Includes bibliographical references and index
650 ## - SUBJECT ADDED ENTRY--TOPICAL TERM
Topical term or geographic name as entry element Migraine
Form subdivision Popular works
700 ## - ADDED ENTRY--PERSONAL NAME
Personal name Sudderth, David
942 ## - ADDED ENTRY ELEMENTS (KOHA)
Source of classification or shelving scheme Dewey Decimal Classification
Item type English Books
Classification part 616.857
Call number suffix KAN
Holdings
Withdrawn status Lost status Not for loan Collection code Home library Current library Date acquired Source of acquisition Cost, normal purchase price Full call number Barcode Copy number Cost, replacement price Koha item type
      Non-fiction Ashok Vihar Ashok Vihar 26/02/2018 KKP/BL277/24.2.2017/EN/13-14/AV/354/15.2.2017/17.3.2017 240.00 616.857 KAN B-667667 1 240.00 English Books
      Non-fiction Bawana Bawana 30/04/2014 KKP/BL3444/24.10.2013/31/10.10.2013/29.10.2013 240.00 616.857 KAN B-528574 1 240.00 English Books
  Written-off vide DLB M. No. 383 dt 16.05.19   Non-fiction Central Library Central Library 30/04/2014 KKP/BL3444/24.10.2013/31/10.10.2013/29.10.2013 240.00 616.857 KAN B-528567 1 240.00 English Books
    Not For Loan Non-fiction D.B.Act.Division D.B.Act.Division 04/06/2013 DBAD/PUB 240.00 616.857 KAN EN-91046 1 240.00 English Books
      Non-fiction Janak Puri Janak Puri 30/04/2014 KKP/BL3444/24.10.2013/31/10.10.2013/29.10.2013 240.00 616.857 KAN B-528573 1 240.00 English Books
      Non-fiction Mobile Library Mobile Library 30/04/2014 KKP/BL3444/24.10.2013/31/10.10.2013/29.10.2013 240.00 616.857 KAN B-528568 4 240.00 English Books
      Non-fiction Mobile Library Mobile Library 30/04/2014 KKP/BL3444/24.10.2013/31/10.10.2013/29.10.2013 240.00 616.857 KAN B-528569 4 240.00 English Books
      Non-fiction Mobile Library Mobile Library 30/04/2014 KKP/BL3444/24.10.2013/31/10.10.2013/29.10.2013 240.00 616.857 KAN B-528570 1 240.00 English Books
      Non-fiction Mobile Library Mobile Library 30/04/2014 KKP/BL3444/24.10.2013/31/10.10.2013/29.10.2013 240.00 616.857 KAN B-528571 4 240.00 English Books
      Non-fiction Patel Nagar Patel Nagar 30/04/2014 KKP/BL3444/24.10.2013/31/10.10.2013/29.10.2013 240.00 616.857 KAN B-528572 1 240.00 English Books
      Non-fiction Shahdara Branch Shahdara Branch 30/04/2014 KKP/BL3444/24.10.2013/31/10.10.2013/29.10.2013 240.00 616.857 KAN B-528575 1 240.00 English Books

© Delhi Public Library
Hit Counter
free hit counter